How we think they think : anthropological approaches to cognition, memory, and literacy

Αποθηκεύτηκε σε:
Λεπτομέρειες βιβλιογραφικής εγγραφής
Κύριος συγγραφέας: Bloch, Maurice
Μορφή: Βιβλίο
Γλώσσα:English
Δημοσίευση: Boulder, Colo. : Westview Press, c1998
Θέματα:
Ετικέτες: Προσθήκη ετικέτας
Δεν υπάρχουν, Καταχωρήστε ετικέτα πρώτοι!

MARC

LEADER 00000nam a2200000 i 4500
001 1/94449
008 080924s1998 eng d
020 |a 978-0-8133-3374-8 (pbk.) 
020 |a 0-8133-3374-1 (pbk.) 
035 |l 10100394 
040 |a GR-MY-UA  |b gre  |e aacr 
041 0 |a eng 
082 0 |a 155.82  |2 (22) 
100 1 |a Bloch, Maurice. 
245 1 0 |a How we think they think :  |b anthropological approaches to cognition, memory, and literacy /  |c Maurice E.F. Bloch 
260 |a Boulder, Colo. :   |b Westview Press,   |c c1998 
300 |a x, 205 σ.;  |b εικ., 1 χάρτης;  |c 23 εκ. 
504 |a Περιέχει βιβλιογραφικές παραπομπές και ευρετήριο 
650 0 0 |a Ethnopsychology. 
650 0 0 |a Cognition and culture. 
852 |a INST  |b LESVOS  |e 20080924  |h 155.82 BLO  |p 005100044388  |q 005100044388  |t BK  |y 0 
852 |a INST  |b LESVOS  |e 20231013  |h 155.82 BLO  |p 005100062561  |q 005100062561  |t BK  |y 0 
901 |a BIBL1-2008-3 
909 |a Λ  |b 151543 
922 |a 1ΕΛΗ  |b 200803  |c ΕΠΕΑΕΚ2/ΤΚΑ  |d ΠΑΠΑΣΩΤΗΡΙΟΥ 
970 |a ΓΙΑΛΑΜΑ  |b ΜΑΡΙΑ  |z 2008/09/24